000 00489nam a2200181Ia 4500
001 13229
005 20260306163038.0
008 260306t2011||||xx |||||||||||||| ||spa||
041 _aESP
082 _a001.42
_bC94
100 _aLabrador J. Francisco (Dir.)
_eAUT
245 0 _aMétodos de investigación y análisis de datos en ciencias sociales y de la salud
260 _c2011
300 _a506 páginas :
_c24 cm.
650 _aGEN
654 _aCHU
942 _cLIB
_dJUS
_fJUS
_2ddc
_n
999 _c13229
_d13229